Quizzes
Events
Quiz Creation
Community
Videos
Private Events
Remove Ads
Sign In
Join for FREE
Feedback
Dark Mode
Quiz Categories
Sports
Geography
Music
Movies
Television
Just For Fun
Miscellaneous
History
Literature
Language
Science
Gaming
Entertainment
Religion
Holiday
For Kids
Quiz Lab
Recent
Popular Today
Quiz Kudos Today
Editor Picks
Curator Picks
Quizzes by...
Day
Popularity
Type
Ratings
Length
Year
Community
Subscriptions
Recent Discussions
Orange Saloon
Badges
Playlists
Quests
Create
Leaderboards
Showdown
Live 5
Trivia Bingo
Activity
Puzzle Library
Sporcle Events
Private Events
Virtual Trivia
Globe League
Become a Host
Pub Owners
SporcleCon
Opinionation
Our Games
Videos
Blog
Mobile Apps
Partnerships
Remove Ads and Go Orange
Feedback
Language
Vocabulary
Begins and Ends
Definition
Spanish
French
German
Italian
Chinese
Latin
Translation
Japanese
Language
Vocabulary
Begins and Ends
Definition
Spanish
French
German
Italian
Chinese
Latin
Translation
Japanese
Random Quiz
Search Sporcle
×
Quiz Lab
Quiz Lab
Language
Definition
Type in answers that appear in a list
Type in answers that appear in a list
Classic
Best Score? Go Orange.
Words Containing Animals Stats
Can you name the words which contain the name of an animal?
By
Calaveras
5m
28 Questions
103 Plays
103 Plays
103 Plays
Comments
Comments
Give Quiz Kudos
Give Quiz Kudos
-
- Ratings
hide this ad
More Info
Replay
Link that replays current quiz
Next Quiz
Link to next quiz in quiz playlist
You Got
0%
They Got
Avg Score
35%
Avg Friend Score
Upgrade to see
Score Distribution
Jump to the score distribution portion of the page
Score
0/28
Timer
05:00
0
Plays Today
Definition
Word
% Correct
A thousand thousand
million (milLION)
84.5%
Toy flying disk
Frisbee (frisBEE)
68%
Easily duped
gullible (GULLible)
60.2%
The right side of a boat
starboard (starBOARd)
59.2%
Measure of mass for gems
carat (caRAT)
56.3%
Children's drawing instrument
crayon (cRAYon)
55.3%
Young woman making her formal entrance to society
debutante (debutANTe)
48.5%
Moral or religious doctrine
dogma (DOGma)
45.6%
Traditional Native American axe
tomahawk (tomaHAWK)
42.7%
Device for absorbing excess ink
blotter (blOTTER)
41.7%
Game controller
joystick (joysTICK)
36.9%
Confection made by melting sugar
caramel (caRAMel)
36.9%
Traditional living quarters for women in a Muslim household
harem (HAREm)
35.9%
Lucky
fortunate (forTUNAte)
34%
Definition
Word
% Correct
Type of pavement
asphalt (ASPhalt)
33%
Highest ranking diplomat
ambassador (amBASSador)
33%
Angry look
scowl (sCOWl)
33%
Self-
titled
eponymous (ePONYmous)
28.2%
Type of oven
microwave (miCROWave)
26.2%
Cowardly
craven (cRAVEN)
24.3%
A dark-
colored hardwood
mahogany (maHOGany)
22.3%
Exploring or investigating
probing (pROBINg)
19.4%
Hesitate or put off, object to
demur (dEMUr)
15.5%
Seize for military use
commandeer (commanDEER)
15.5%
Capable of increasing in capacity or size
expandable (exPANDAble)
13.6%
Power-
boosting engine device
supercharger (suPERCHarger)
8.7%
Gasping or panting
puffing (PUFFINg)
8.7%
Elegant, ritzy
swanky (SWANky)
2.9%
Quiz Playlist
Details
Report
Send in Message
Add To Playlist
More Info:
Each answer contains the name of a common animal. Example: "Easily damaged" + "domestic feline" = deliCATe
Classic:
Type in answers that appear in a list
Last Updated: Feb 16, 2017
Quiz Scoreboard
CHALLENGE
Sign Up to Join the Scoreboard
Show All
Scores
Hide
Comments
May contain spoilers
Recently Published
TV Characters by Other Roles V
by ghcgh
Television
5m
Decade Duel: World Leaders
by jenniferyan
History
4m
Alphabetical 'K' Countries by Flag Minefield
by ylime102
Geography
3m
More to Explore
Quiz From the Vault
Featured Blog Post
15 Basketball Trivia Facts You Can Be March Mad About
hide this ad
You Might Also Like...
Tags
Animal Quiz
Definition Quiz
Today's Top Quizzes in Language
Browse Language
hide this ad
Today's Top Quizzes in Definition
Browse Definition
Top Contributed Quizzes in Language
1
Spring or Fall
2
Spanish Seasons
3
UNIT 1 Quiz A
4
Seasonal Rhymes
5
Multilingual Seasons
6
Einsilbige Reime auf Chips
7
Forms of Gustar
8
Name the 4 Seasons in English
9
Spring or Fall?
10
Quick Pick: Seasons in Esperanto
Explore More
Trending Topics
NBA
Disney
Crossword
Marvel
Harry Potter
Anime
Kpop
The Office
Puzzle
NFL
Pokémon
Song
Soccer
WWE
Country
hide this ad
More By:
Calaveras
Quiz
Plays
Rating
Category
Featured
Created
Cartoon Silhouettes
870,553
4.66
Television
Jun 14, 2010
Pixar Silhouettes
141,329
4.44
Movies
Jun 14, 2010
Fictional Foods
140,140
4.35
Entertainment
Oct 10, 2010
Movie by Alien
69,472
4.56
Movies
Jul 29, 2010
Cartoon Silhouettes Duos
54,009
4.42
Television
Jul 18, 2010
Go to Creator's Profile
Score Distribution
Quiz Creator Spotlight
Calaveras
Follow
Send a Message
Quizzes Created
-
Created Quiz Play Count
-
More By This Creator
Popular Quizzes Today
1
Countries of Asia Without Outlines Minefield
2
Find the US States - No Outlines Minefield
3
Pick 6: Fruits
4
The Countries of the World
5
Find the Countries of Europe - No Outlines Minefield
6
Alphabetical 'K' Countries by Flag Minefield
7
US States
8
Find the US States
More Language Quizzes
-oot Definitions
Published
Trending Quizzes
Pick 6: Mountains
Pick 6: Harry Potter
Pick 6: Flags
Pick 6: NFL Teams
C Names for Actors
Recently Updated
Adaptations: Name the Title
pecheneg
NWSL Teams
pecheneg
Women's Final Four Teams by Year
bhenderson79
Presidents Quartet II
eogle
Anything But Clue(do)
eogle
Anything But Oceanian Capitals
eogle
Anything But 7
eogle
Anything But Thing
eogle
Word Ladder: February 29
pecheneg
Song Title Questions
pecheneg
Trending Topics
Disney
Kpop
Marvel
Crossword
Harry Potter
NBA
Anime
Country
Puzzle
The Office
Song
NFL
Soccer
Pokémon
WWE
Your Account Isn't Verified!
In order to create a playlist on Sporcle, you need to verify the email address you used during registration. Go to your
Sporcle Settings
to finish the process.
Report this User
Report this user for behavior that violates our
Community Guidelines
.
Details:
Send Report
Go to the Sporcle.com Mobile Site →
Comments